| Tag |
First Indicator |
Second Indicator |
Subfields |
| LEADER |
00000cam a2200000Ii 4500 |
| 001 |
in00004350055 |
| 008 |
200302t20202020nyu b 001 0deng d |
| 005 |
20250318213101.1 |
| 020 |
|
|
|a 9780367511517
|
| 020 |
|
|
|a 0367511517
|q (hardcover)
|
| 035 |
|
|
|a (OCoLC)on1142341913
|
| 035 |
|
|
|a (OCoLC)1142341913
|
| 040 |
|
|
|a YDX
|b eng
|e rda
|c YDX
|d OCLCQ
|d JQW
|d OCLCF
|d CDX
|d UtOrBLW
|
| 050 |
|
4 |
|a PS3507.U147
|b Z86 2020
|
| 082 |
0 |
4 |
|a 813/.52
|2 23
|
| 082 |
0 |
4 |
|a 320.531
|2 23
|
| 245 |
0 |
0 |
|a Socialism and democracy in W.E.B. Du Bois's life, thought, and legacy /
|c edited by Edward Carson, Gerald Horne and Phillip Luke Sinitiere.
|
| 264 |
|
1 |
|a New York, NY :
|b Routledge,
|c 2020.
|
| 264 |
|
4 |
|c ©2020
|
| 300 |
|
|
|a xii, 281 pages ;
|c 25 cm
|
| 336 |
|
|
|a text
|b txt
|2 rdacontent
|
| 337 |
|
|
|a unmediated
|b n
|2 rdamedia
|
| 338 |
|
|
|a volume
|b nc
|2 rdacarrier
|
| 500 |
|
|
|a Includes bibliographical references and index.
|
| 520 |
|
|
|a "Commemorating the 150th anniversary of W. E. B. Du Bois's birth, the chapters in this book reflect on the local, national, and international significance of his remarkable life and legacy in relation to his specific commitments to socialism and democracy. Written with contemporary conditions in mind, such as the current political period of economic inequality, the debilitating reality of exploitative economic conditions, an expansive and invasive surveillance state, the grotesque injustice of the prison industrial complex, the ongoing crisis of police violence and the militarization of law enforcement, and a White House unashamedly spewing white supremacist, nationalist rhetoric in word and deed, this book collectively ponders how Du Bois's radicalism can shape and re-texture historical understanding and underscore a reflective urgency about the future. In this volume, scholars and activists undertake thoughtful and analytical explorations with regards to how Du Bois' commitments to socialism and democracy can inform current methodology and praxis. This book was originally published as a special issue of the journal 'Socialism and Democracy.'"--provided by publisher.
|
| 600 |
1 |
0 |
|a Du Bois, W. E. B.
|q (William Edward Burghardt),
|d 1868-1963.
|0 http://id.loc.gov/authorities/names/n80046721
|
| 600 |
1 |
7 |
|a Du Bois, W. E. B.
|q (William Edward Burghardt),
|d 1868-1963.
|2 fast
|0 (OCoLC)fst00053661
|
| 650 |
|
0 |
|a Socialism.
|0 http://id.loc.gov/authorities/subjects/sh85124118
|
| 650 |
|
0 |
|a Democracy.
|0 http://id.loc.gov/authorities/subjects/sh85036647
|
| 650 |
|
7 |
|a Democracy.
|2 fast
|0 (OCoLC)fst00890077
|
| 650 |
|
7 |
|a Socialism.
|2 fast
|0 (OCoLC)fst01123637
|
| 700 |
1 |
|
|a Carson, Edward,
|d 1948-
|e editor.
|0 http://id.loc.gov/authorities/names/no2008065818
|
| 700 |
1 |
|
|a Horne, Gerald,
|e editor.
|0 http://id.loc.gov/authorities/names/n85203630
|
| 700 |
1 |
|
|a Sinitiere, Phillip Luke,
|e editor.
|0 http://id.loc.gov/authorities/names/n2008075768
|
| 852 |
8 |
|
|b pda,print
|z This title is available for the library to purchase for your use. Click the "Purchase It For Me" button to place a request. This item may take 5-10 business days to arrive.
|
| 955 |
|
|
|a Print PDA title
|
| 961 |
|
|
|m 565730
|
| 999 |
f |
f |
|s c7a1a602-51b6-42a0-a860-e47b464839b9
|i 38f635ba-5519-3738-bd24-8feca7a75a65
|t 0
|
| 952 |
f |
f |
|a Texas A&M University
|b College Station
|c Sterling C. Evans Library
|d Purchase on Demand
|t 0
|e PS3507.U147 Z86 2020
|h Library of Congress classification
|
| 998 |
f |
f |
|a PS3507.U147 Z86 2020
|t 0
|l Purchase on Demand
|